Лексико-семантичне поле поняття "сукупність" (Запис № 284966)

МАРК-запис
000 -LEADER
fixed length control field 01152nam a22001577a 4500
041 ## - LANGUAGE CODE
Language code of text/sound track or separate title ukr
080 ## - UNIVERSAL DECIMAL CLASSIFICATION NUMBER
Universal Decimal Classification number 09
090 ## - LOCALLY ASSIGNED LC-TYPE CALL NUMBER (OCLC); LOCAL CALL NUMBER (OCLC)
Local cutter number (OCLC) ; Book number/undivided call number, CALL (RLIN) ЯНЧ
100 ## - MAIN ENTRY--PERSONAL NAME
Personal name Янчук С.П.
245 ## - TITLE STATEMENT
Title Лексико-семантичне поле поняття "сукупність"
260 ## - PUBLICATION, DISTRIBUTION, ETC. (IMPRINT)
Place of publication, distribution, etc Острог
Name of publisher, distributor, etc КАФ
Date of publication, distribution, etc 2012
300 ## - PHYSICAL DESCRIPTION
Extent 48
520 ## - SUMMARY, ETC.
Summary, etc Розділ 1. Лексико-семантичне поле як складна мова система.<br/>1.1 Дослідження лексико-семантичного поля.<br/>1.2 Парадигматичні відношенні : антонімія,синонімія.<br/>Розділ 2. Лексико-семантичне поле поняття "сукупність".<br/>2.1 Лексико-семантичне поле понняттєвої категорії "скупість-бережливість".<br/>2.2 Поняття "скупість" в мовній культурі світу та художній літературі.<br/>2.3 Гендерні характеристики поняття "скупість".
-- лексико-семантичне поле
650 ## - SUBJECT ADDED ENTRY--TOPICAL TERM
Topical term or geographic name as entry element Research Papers
942 ## - ADDED ENTRY ELEMENTS (KOHA)
Koha item type Книги
Фонди
Withdrawn status Lost status Source of classification or shelving scheme Damaged status Not for loan Home library Current library Date acquired Source of acquisition Cost, normal purchase price Total Checkouts Full call number Barcode Date last seen Price effective from Koha item type
    Universal Decimal Classification     ВІЛ - Відділ іноземн. літератури НБ ВІЛ - Відділ іноземн. літератури НБ 18/09/2012 Акт №5 1.00   09 214998 10/11/2021 18/09/2012 Книги